000
00255nam a2200109Ia 4500
005
20251222143159.0
008
251222s9999||||xx |||||||||||||| ||spa||
082
_a
925/W19
100
_a
"Waltz, George H."
245
0
_a
Genios contemporáneos
942
_c
LIB
999
_c
12995
_d
12995